| 000 | 00709nam a2200229 i 4500 | ||
|---|---|---|---|
| 001 | bg | ||
| 245 | 0 | 0 |
_aZarządzanie finansami : _bporadnik dla menedżerów miast w samorządach terytorialnych / _coprac. prze zespół trenerów FRDL, Marek Jefremienko [et al.]. |
| 260 |
_aWarszawa : _bWydawnictwo Samorządowe FRDL, _c1997. |
||
| 300 |
_a134, [2] s. ; _c30 cm. |
||
| 650 | 4 |
_aSamorząd terytorialny _xfinanse _xzarządzanie |
|
| 650 | 4 | _aPoradniki | |
| 700 | 1 | _aJefremienko, Marek. | |
| 020 | _a8386909234 | ||
| 040 | _cBPK | ||
| 041 | 0 | _apol | |
| 080 | _a352/353 | ||
| 080 | _a336.1 | ||
| 080 | _a(083.1) | ||
| 920 | _a83-86909-23-4 | ||
| 942 | _cKS | ||
| 008 | s pl f |000 0 pol | ||
| 999 |
_c53492 _d53492 |
||
| 856 |
_uhttp://koha.tu.koszalin.pl/cgi-bin/koha/opac-detail.pl?biblionumber=53492 _yKatalog online BPK |
||